Sin humanismo la globalización es opresión /

El autor hace una especie de reseña histórica de los hechos ocurridos poco antes del inicio del II Encuentro nacional sobre comunicación, convocado bajo el lema: sin humanismo la globalización es opresión. En ella se describe la huelga de educadores y como ésta afectó el desarrollo del encuentro. El...

Descripció completa

Guardat en:
Dades bibliogràfiques
Autor principal: Montoya S, Luis
Format: Text
Matèries:
Etiquetes: Afegir etiqueta
Sense etiquetes, Sigues el primer a etiquetar aquest registre!

MARC

LEADER 00000 a a2200000 04500
001 13433
003
040
100 |a Montoya S, Luis  
245 |a Sin humanismo la globalización es opresión /  |c Luis Montoya S 
500 |a Palabras inaugurales  
520 |a El autor hace una especie de reseña histórica de los hechos ocurridos poco antes del inicio del II Encuentro nacional sobre comunicación, convocado bajo el lema: sin humanismo la globalización es opresión. En ella se describe la huelga de educadores y como ésta afectó el desarrollo del encuentro. El autor comenta: la huelga terminó. Pero deja en todos un sabor amargo e interrogantes. Si Costa Rica no tiene armada ¿en qué se invierte el presupuesto que el Estado de países en desarrollo le dan al ejército?, ¿cuánto conocen los dirigentes políticos acerca de la función estabilizadora que cumplen los educadores en nuestro país, como instrumentos de un sistema educativo conservador y represivo? En tal condición los maestros garantizan mejor la seguridad del país que cualquier ejército. Posteriormente el autor continúa con su discurso de apertura del encuentro motivando a los estudiantes a reflexionar sobre los acontecimientos del país. HB/HMBQ  
650 |a SEMINARIOS  
650 |a LIBERALIZACION DEL INTERCAMBIO  
650 |a UNIVERSIDAD DE COSTA RICA  
650 |a ESTUDIANTES  
650 |a DOCENTES  
650 |a HUELGAS  
773 |g número 38; páginas 17-19  
999 |c 22522  |d 22522